[Event "Reunion op 09th"]
[Site "Reunion"]
[Date "2007.10.15"]
[Round "2"]
[White "Rei Rosa, Jean Jacques"]
[Black "Gretry, Patrice"]
[Result "0-1"]
[WhiteElo "1803"]
[BlackElo "2052"]
[PlyCount "46"]
[EventDate "2007.10.14"]
[EventType "swiss"]
[EventRounds "9"]
[EventCountry "RUF"]
[SourceTitle "EXT 2012"]
[Source "ChessBase"]
[SourceDate "2011.11.24"]
[SourceVersion "1"]
[SourceVersionDate "2011.11.24"]
[SourceQuality "1"]

1. d4 Nf6 2. Bf4 c5 3. e3 Qb6 4. Nc3 Qxb2 5. Na4 Qa3 6. Nxc5 Qc3+ 7. Ke2 b6 8. Nd3 Ba6 9. Kf3 Qc6+ 10. Ke2 Nd5 11. Ke1 e5 12. Bxe5 Bb4+ 13. Nxb4 Qc3+ 14. Qd2 Qxa1+ 15. Qd1 Qc3+ 16. Qd2 Qxb4 17. Bxa6 Nxa6 18. Ke2 f6 19. Qd3 fxe5 20. Qxa6 e4 21. Qb7 Nc3+ 22. Kd2 Nxa2+ 23. Kd1 Qb1+ 0-1

[Event "Reunion op 08th"]
[Site "Etang Sale"]
[Date "2006.10.14"]
[Round "1"]
[White "Rei Rosa, Jean Jacques"]
[Black "Blard, Anthony"]
[Result "1-0"]
[WhiteElo "1825"]
[BlackElo "1170"]
[PlyCount "49"]
[EventDate "2006.10.14"]
[EventType "swiss"]
[EventRounds "9"]
[EventCountry "FRA"]
[SourceTitle "EXT 2007"]
[Source "ChessBase"]
[SourceDate "2006.11.23"]
[SourceVersion "1"]
[SourceVersionDate "2006.11.23"]
[SourceQuality "1"]

1. d4 d5 2. Nf3 Nc6 3. Bg5 Bf5 4. c3 Nf6 5. e3 g6 6. Bd3 Bxd3 7. Qxd3 Bg7 8. Nbd2 0-0 9. 0-0 b6 10. Rfe1 a5 11. a4 Na7 12. Ne5 c5 13. Bh4 Qc8 14. Re2 Nc6 15. Ndf3 Nxe5 16. dxe5 Ne4 17. Qxd5 Qf5 18. Bxe7 Rfe8 19. Bd6 Rad8 20. Qc6 Bxe5 21. Bxe5 Re6 22. Qb5 Re7 23. Qxb6 Qe6 24. Qxd8+ Re8 25. Qd3 1-0